Achieving a higher standard in benchmarking: an IISRP perspective (Record no. 53751)

MARC details
000 -LEADER
fixed length control field 00408nam a2200121Ia 4500
100 ## - MAIN ENTRY--AUTHOR NAME
Personal name McGraw James L
245 #0 - TITLE STATEMENT
Title Achieving a higher standard in benchmarking: an IISRP perspective
260 ## - PUBLICATION, DISTRIBUTION, ETC. (IMPRINT)
Name of publisher Proceedings of the International Rubber Forum Boca Del Rio, Veracruz, Mexico 7-8 October 1999.p85-90
650 ## - SUBJECT ADDED ENTRY--TOPICAL TERM
Topical Term Benchmarking
650 ## - SUBJECT ADDED ENTRY--TOPICAL TERM
Topical Term IISRP
942 ## - ADDED ENTRY ELEMENTS (KOHA)
Koha item type Journals
Holdings
Withdrawn status Lost status Damaged status Not for loan Home library Current library Shelving location Date acquired Koha item type
      Journals RRII Library RRII Library Agricultural economics 17/12/2021 Journals